Score 0/20 Timer 05:00
3 Plays Today
Known As... Also Known As... % Correct
AbramAbraham
95.7%
SaraiSarah
89.2%
SaulPaul
81.8%
SimonPeter
74.3%
IsraelJacob
69.1%
LeviMatthew
37.7%
BelteshazzarDaniel
37.2%
Ben-OniBenjamin
37%
HosheaJoshua
32.2%
DidymusThomas
28.3%
Known As... Also Known As... % Correct
HananiahShadrach
26.8%
MaraNaomi
25.9%
AzariahAbednego
25.2%
MishaelMeshach
25%
Barsabbas, JustusJoseph
24.7%
JohnMark
24.4%
DorcasTabitha
11.9%
JosephBarnabas
10.4%
NigerSimeon
10%
LebbaeusThaddeus
9.1%

You're not logged in!

Compare scores with friends on all Sporcle quizzes.
OR
Log In

Sporcle TV

Today on Sporcle TV


Watch our educational content, quiz creation guides, and fun videos on Sporcle TV.

Show Comments

Extras

Top Quizzes Today


Score Distribution

Paid Content

Your Account Isn't Verified!

In order to create a playlist on Sporcle, you need to verify the email address you used during registration. Go to your Sporcle Settings to finish the process.

Report this User

Report this user for behavior that violates our Community Guidelines.

Details: